[Event "ch-SCO"]
[Site "Troon SCO"]
[Date "2006.07.08"]
[Round "1"]
[White "Jacob,G"]
[Black "Stevenson,J"]
[Result "1-0"]
[WhiteElo "2316"]
[BlackElo "2089"]
[EventDate "2006.07.08"]

1. d4 d6 2. c4 e5 3. d5 f5 4. e4 fxe4 5. Nc3 Nf6 6. Bg5 Nbd7 7. Nxe4 Be7 8.
Ng3 Nxd5 9. Bh6 Nf4 10. Bxg7 Rg8 11. Nh5 Nf6 12. Bxf6 Bxf6 13. Nxf4 exf4
14. Qh5+ Kf8 15. Bd3 Bxb2 16. Rb1 Bc3+ 17. Kf1 Qg5 18. Qf3 Bg4 19. Qxb7 Re8
20. g3 Rg7 21. Kg2 Rf7 22. Be4 fxg3 23. hxg3 Qd2 24. Nf3 Bxf3+ 25. Bxf3 Bd4
26. Rbf1 Bc5 27. Qb1 Ree7 28. Rh4 Bd4 29. Bd5 Rxf2+ 30. Rxf2+ Qxf2+ 31. Kh3
Qe1 32. Qf5+ 1-0

[Event "ch-SCO"]
[Site "Troon SCO"]
[Date "2006.07.08"]
[Round "1"]
[White "Brown,Ste"]
[Black "Spencer,E"]
[Result "1/2-1/2"]
[WhiteElo "2087"]
[BlackElo "2214"]
[EventDate "2006.07.08"]

1. d4 Nf6 2. Nf3 g6 3. g3 Bg7 4. Bg2 O-O 5. O-O d6 6. c4 c5 7. Nc3 Nc6 8.
d5 Na5 9. Nd2 a6 10. e4 Rb8 11. Rb1 b5 12. Qe2 bxc4 13. Nxc4 Nxc4 14. Qxc4
Rb4 15. Qe2 e6 16. Bg5 h6 17. Bxf6 Bxf6 18. Rfd1 Qb6 19. Qc2 Bd7 20. a3 Rb3
21. Bf1 Rb8 22. dxe6 Bxe6 23. Na4 Qc6 24. Nc3 Qb6 25. Na4 Qa5 26. Nc3 Bd4
27. Be2 R8b6 28. Kg2 Bxc3 29. bxc3 Rxa3 30. Rxb6 Qxb6 31. Qd3 Ra2 32. Bf1
c4 33. Qd4 Qb2 34. Qe3 Ra1 35. Rxd6 Qb1 36. Qe2 Qc1 37. Rxe6 fxe6 38. Qxc4
Kf7 39. Qc7+ Ke8 1/2-1/2

[Event "ch-SCO"]
[Site "Troon SCO"]
[Date "2006.07.08"]
[Round "1"]
[White "Grant,A"]
[Black "Grant,J"]
[Result "0-1"]
[WhiteElo "2193"]
[BlackElo "2251"]
[EventDate "2006.07.08"]

1. Nf3 Nf6 2. g3 c5 3. Bg2 Nc6 4. O-O e5 5. d3 d5 6. e4 Be7 7. Nc3 Be6 8.
h3 h6 9. exd5 Nxd5 10. Re1 Nxc3 11. bxc3 Bf6 12. Rb1 Qd7 13. Ba3 b6 14. d4
Rd8 15. dxc5 Qxd1 16. Rbxd1 Rxd1 17. Rxd1 Be7 18. Nd4 Nxd4 19. cxd4 exd4
20. Rxd4 Bxc5 21. Bxc5 bxc5 22. Ra4 Ke7 23. Rxa7+ Kd6 24. a4 Rb8 25. a5
Rb1+ 26. Kh2 Ra1 27. g4 Ra2 28. Be4 Ke5 29. f3 g6 30. Ra6 f5 31. gxf5 gxf5
32. Bd3 Bd5 33. Kg3 Ra3 34. Rxh6 c4 35. Be2 Rxa5 36. c3 f4+ 37. Kg4 Ra2 38.
Rh5+ Kd6 39. Bd1 Rd2 40. Ba4 Rd3 41. Rh6+ Kc5 42. Kxf4 Rxf3+ 43. Ke5 Rxc3
44. Rh8 Re3+ 45. Kf4 Ra3 46. Bd1 Ra1 47. Bc2 Rf1+ 48. Ke3 Rf3+ 49. Ke2 Rg3
50. Bf5 c3 51. Bd3 Rg2+ 52. Ke3 c2 53. Bxc2 Rxc2 54. Kf4 Kd4 55. h4 Rf2+
56. Kg5 Ke5 57. Rb8 Rg2+ 58. Kh6 Kf6 59. h5 Rh2 60. Rb6+ Be6 61. Ra6 Rb2
62. Kh7 Rb7+ 63. Kh6 Re7 64. Rb6 Re8 65. Kh7 Kg5 66. Rb5+ Bf5+ 67. Kg7 Re7+
68. Kg8 Kf6 69. Rb6+ Be6+ 70. Kf8 Rh7 0-1

[Event "ch-SCO"]
[Site "Troon SCO"]
[Date "2006.07.09"]
[Round "2"]
[White "Spencer,E"]
[Black "Jacob,G"]
[Result "1-0"]
[WhiteElo "2214"]
[BlackElo "2316"]
[EventDate "2006.07.08"]

1. e4 c5 2. Nc3 Nc6 3. g3 g6 4. Bg2 Bg7 5. d3 d6 6. Be3 e6 7. Qd2 Qa5 8.
Nge2 Nd4 9. O-O Ne7 10. Nc1 Rb8 11. Nb3 Qc7 12. Rac1 b5 13. Rfe1 h6 14. f3
a5 15. Nd1 a4 16. Na1 b4 17. c3 Ndc6 18. cxb4 Nxb4 19. a3 Nbc6 20. Rc4 Ba6
21. Rc1 Qb6 22. Rb1 Nd4 23. Nc3 Nec6 24. Nxa4 Qa7 25. b3 Bb5 26. Nb2 Qxa3
27. Nc4 Bxc4 28. bxc4 Rxb1 29. Rxb1 Nb4 30. Kh1 h5 31. Bxd4 Bxd4 32. Nb3
Bf6 33. d4 Be7 34. dxc5 dxc5 35. Ra1 Qxa1+ 36. Nxa1 O-O 37. e5 Ra8 38. Nb3
Ra2 39. Qd7 Bf8 40. h4 Ra3 41. Qd1 Ra2 42. Qd8 Kg7 43. Nd2 Nc6 44. Qf6+ Kg8
45. Ne4 Bg7 46. Qg5 Nxe5 47. Nf6+ Bxf6 48. Qxf6 Nxc4 49. Qc3 Ra4 50. Qb3
Rb4 51. Qc3 Nd6 52. Qxc5 Rb1+ 53. Kh2 Nf5 54. Kh3 Rb3 55. Qc8+ Kg7 56. Qc4
Re3 57. Qc1 Rb3 58. Qd1 Re3 59. Bf1 e5 60. Bc4 e4 61. Qd5 Kf6 62. Qxf7+ Ke5
63. Qd5+ Kf6 64. Qe6+ Kg7 65. Qf7+ Kh6 66. Qf8+ Kh7 67. Bg8+ 1-0

[Event "ch-SCO"]
[Site "Troon SCO"]
[Date "2006.07.09"]
[Round "2"]
[White "Muir,A"]
[Black "Brown,Ste"]
[Result "1/2-1/2"]
[WhiteElo "2347"]
[BlackElo "2087"]
[EventDate "2006.07.08"]

1. d4 Nf6 2. c4 e6 3. Nc3 Bb4 4. e3 O-O 5. Bd3 d5 6. Nf3 c5 7. O-O Nc6 8.
a3 Bxc3 9. bxc3 dxc4 10. Bxc4 Qc7 11. Bb2 e5 12. h3 e4 13. Nd2 Na5 14. Ba2
c4 15. f3 Bxh3 16. Nxe4 Nd5 17. Qd2 Bf5 18. Nf2 Bg6 19. e4 Nb6 20. Rae1
Rad8 21. Nh3 h6 22. Qc2 Rd7 23. Bc1 Qc6 24. Be3 Qe6 25. Bc1 Qc6 26. Nf4 Bh7
27. Qb2 Rc8 28. d5 Qa4 29. Qb4 Qxb4 30. axb4 Nb3 31. Be3 Na4 32. Ne2 f5 33.
Rb1 fxe4 34. Bxb3 cxb3 35. Rxb3 exf3 36. Rxf3 1/2-1/2

[Event "ch-SCO"]
[Site "Troon SCO"]
[Date "2006.07.10"]
[Round "3"]
[White "Jacob,G"]
[Black "Muir,A"]
[Result "1/2-1/2"]
[WhiteElo "2316"]
[BlackElo "2347"]
[EventDate "2006.07.08"]

1. d4 d5 2. c4 e6 3. Nf3 Nf6 4. Bg5 c6 5. Nc3 Nbd7 6. e3 Qa5 7. Nd2 Bb4 8.
Qc2 O-O 9. Be2 e5 10. O-O exd4 11. Nb3 Qc7 12. exd4 Bxc3 13. bxc3 Ne4 14.
Bc1 Ndf6 15. f3 Nd6 16. c5 Nc4 17. Bg5 Nh5 18. Bxc4 dxc4 19. Nd2 h6 20. Be3
Be6 21. Ne4 Nf4 22. Bxf4 Qxf4 23. Rab1 Rfb8 24. g3 Qe3+ 25. Kg2 Bd5 26.
Rfe1 Bxe4 27. fxe4 Qg5 28. Rb4 b5 29. cxb6 Rxb6 30. h4 Qg4 31. Qe2 Qxe2+
32. Rxe2 Rxb4 33. cxb4 Rd8 34. Rd2 c3 35. Rd3 c2 36. Rc3 Rxd4 37. Rxc2 Rxb4
38. Rxc6 Rxe4 39. Rc8+ Kh7 40. Rc7 Re2+ 41. Kf3 Rxa2 42. Rxf7 Ra6 43. Rc7
Rf6+ 44. Ke4 a6 45. h5 Kg8 46. Ra7 g6 47. Ke5 Rb6 48. hxg6 Rxg6 49. g4 Kf8
50. Kf5 Rb6 51. g5 Rb5+ 52. Kg6 Rb6+ 53. Kf5 hxg5 54. Kxg5 Ke8 55. Kf4 Kd8
56. Ke4 Kc8 57. Kd4 Kb8 58. Rh7 Rc6 59. Rg7 a5 60. Rg5 Ra6 61. Rg8+ Kb7 62.
Rg7+ Kc6 1/2-1/2

[Event "ch-SCO"]
[Site "Troon SCO"]
[Date "2006.07.10"]
[Round "3"]
[White "Stevenson,J"]
[Black "Spencer,E"]
[Result "0-1"]
[WhiteElo "2089"]
[BlackElo "2214"]
[EventDate "2006.07.08"]

1. e4 c5 2. d4 cxd4 3. c3 Qa5 4. Nf3 Nc6 5. Bc4 Nf6 6. Qe2 d6 7. h3 e6 8.
O-O dxc3 9. Nxc3 Be7 10. Rd1 O-O 11. Bf4 Ne5 12. Bb3 a6 13. Rac1 Nfd7 14.
Nd4 b5 15. a3 Bb7 16. Bd2 Nc5 17. Bc2 Qb6 18. b3 Rfe8 19. Bb1 Bf8 20. Be3
Qd8 21. f4 Ng6 22. b4 Nd7 23. Nb3 Rc8 24. Na5 Ba8 25. Qd2 Qh4 26. Ne2 Nf6
27. Bf2 Qh6 28. Be3 Qh5 29. Nc3 Nh4 30. Bd3 Qg6 31. Qf2 Rxc3 32. Rxc3 Bxe4
33. Bf1 Nf5 34. Bc1 h5 35. Bd3 Ba8 36. Be2 Ne4 0-1

[Event "ch-SCO"]
[Site "Troon SCO"]
[Date "2006.07.10"]
[Round "3"]
[White "Brown,Ste"]
[Black "Grant,J"]
[Result "0-1"]
[WhiteElo "2087"]
[BlackElo "2251"]
[EventDate "2006.07.08"]

1. d4 Nf6 2. c4 e6 3. Nc3 Bb4 4. Qc2 c5 5. dxc5 O-O 6. a3 Bxc5 7. Nf3 b6 8.
Bf4 Bb7 9. Rd1 Nc6 10. e3 Be7 11. Be2 Rc8 12. O-O Na5 13. Nd2 d6 14. b4 Nc6
15. Qb3 a6 16. h3 Ne5 17. Bh2 Qc7 18. f4 Ned7 19. Rc1 Qb8 20. e4 Rfd8 21.
Bf3 b5 22. Kh1 Bc6 23. Rfe1 Nb6 24. cxb5 axb5 25. Ne2 Bd7 26. Nd4 Rxc1 27.
Rxc1 Rc8 28. Rxc8+ Qxc8 29. Qc2 Qxc2 30. Nxc2 d5 31. e5 Ne8 32. Bg1 Nc4 33.
Nb3 Nc7 34. Bd4 Na6 35. Kg1 Be8 36. Bg4 Kf8 37. Be2 f6 38. Bd3 Bg6 39. Bxg6
hxg6 40. Kf2 Kf7 41. Ke2 g5 42. g3 gxf4 43. gxf4 fxe5 44. fxe5 Nb8 45. Nd2
Nc6 46. Nxc4 dxc4 47. Kf3 Bg5 48. Ke4 Bd2 49. Be3 Bxe3 50. Kxe3 Kg6 51. Nd4
Nxd4 52. Kxd4 Kf5 53. a4 bxa4 54. Kxc4 Kxe5 55. b5 Kd6 56. Kb4 e5 57. Kxa4
Kc5 58. Ka5 e4 59. Ka6 e3 60. b6 e2 61. b7 e1=Q 62. b8=Q Qa1+ 63. Kb7 Qb2+
64. Kc8 Qxb8+ 65. Kxb8 Kd5 66. Kc7 Ke6 67. Kc6 g5 68. Kc5 Ke5 69. Kc4 Ke4
70. Kc3 Kf3 71. Kd3 Kg3 72. Ke3 Kxh3 73. Kf2 g4 74. Kg1 Kg3 75. Kh1 Kf2 76.
Kh2 g3+ 77. Kh3 g2 78. Kh4 g1=Q 79. Kh5 Qg7 80. Kh4 Kf3 81. Kh5 Kf4 82. Kh4
Qg4+ 0-1

[Event "ch-SCO"]
[Site "Troon SCO"]
[Date "2006.07.11"]
[Round "4"]
[White "Grant,J"]
[Black "Jacob,G"]
[Result "1-0"]
[WhiteElo "2251"]
[BlackElo "2316"]
[EventDate "2006.07.08"]

1. c4 f5 2. Nf3 Nf6 3. g3 e6 4. Bg2 Be7 5. d4 O-O 6. Nc3 d6 7. O-O Ne4 8.
Qc2 Nxc3 9. bxc3 Nc6 10. d5 Na5 11. Qa4 b6 12. dxe6 Bxe6 13. Nd4 Bd7 14.
Qc2 Rb8 15. Bd5+ Kh8 16. Ne6 Bxe6 17. Bxe6 g6 18. e4 fxe4 19. Qxe4 Bf6 20.
h4 Qe7 21. Bd2 Rbe8 22. Rae1 Qg7 23. h5 gxh5 24. Kg2 Qg6 25. Qd5 Be5 26.
Bd7 Re7 27. f4 Rg8 28. Rf3 Bf6 29. Rxe7 Bxe7 30. Be6 Rf8 31. f5 Qg7 32. f6
Rxf6 33. Rxf6 Qxf6 34. Be3 c6 35. Qe4 Qf8 36. Bd4+ Bf6 37. Qf5 Kg7 38. Qg5+
1-0

[Event "ch-SCO"]
[Site "Troon SCO"]
[Date "2006.07.11"]
[Round "4"]
[White "Muir,A"]
[Black "Stevenson,J"]
[Result "1/2-1/2"]
[WhiteElo "2347"]
[BlackElo "2089"]
[EventDate "2006.07.08"]

1. d4 Nf6 2. c4 e6 3. Nc3 Bb4 4. e3 c5 5. Nge2 cxd4 6. exd4 d5 7. c5 e5 8.
dxe5 Ng4 9. Nd4 Bxc5 10. Bb5+ Kf8 11. O-O Qh4 12. Nf3 Bxf2+ 13. Kh1 Qd8 14.
Qxd5 Qxd5 15. Nxd5 Nc6 16. h3 h5 17. Bf4 Bf5 18. Nh2 g5 19. hxg4 hxg4 20.
Rxf2 gxf4 21. Rxf4 g3 22. Rxf5 Rxh2+ 23. Kg1 Nd4 24. Rg5 Nxb5 25. Rxg3 Rh4
26. e6 f5 27. Rg5 Nd6 28. Rc1 Rd4 29. Ne3 Ke7 30. Rg6 Re8 31. Rc5 Kd8 32.
Nd5 Rd1+ 33. Kf2 Ne4+ 34. Ke2 Nxc5 35. Kxd1 Rxe6 36. Rxe6 Nxe6 37. Ke2 Kd7
38. Ke3 Kd6 39. Nc3 a6 40. Ne2 Ke5 41. Ng1 b6 42. Nf3+ Kd5 43. Nh4 f4+ 44.
Kf3 Ke5 45. Ng6+ Kf5 46. Ne7+ Ke5 47. Nc6+ Kf5 48. Ne7+ Ke5 49. Nc6+ Kf5
1/2-1/2

[Event "ch-SCO"]
[Site "Troon SCO"]
[Date "2006.07.12"]
[Round "5"]
[White "Stevenson,J"]
[Black "Grant,J"]
[Result "0-1"]
[WhiteElo "2089"]
[BlackElo "2251"]
[EventDate "2006.07.08"]

1. b3 e5 2. Bb2 Nc6 3. e3 d6 4. c4 Nf6 5. Nf3 g6 6. d4 Bg7 7. dxe5 Ng4 8.
Be2 O-O 9. Nc3 Ngxe5 10. O-O Nxf3+ 11. Bxf3 Ne5 12. Be2 Qh4 13. Qd2 c6 14.
Rad1 Bg4 15. Bxg4 Nxg4 16. h3 Ne5 17. f4 Nd7 18. Qxd6 Rad8 19. Qc7 Nc5 20.
Na4 Rxd1 21. Rxd1 Bxb2 22. Nxb2 Ne4 23. Nd3 Qg3 24. Qe5 Qxe3+ 25. Kh1 Rd8
26. Re1 Ng3+ 27. Kh2 Qxd3 28. Qg5 Nf5 29. Re5 f6 0-1

[Event "ch-SCO"]
[Site "Troon SCO"]
[Date "2006.07.12"]
[Round "5"]
[White "Spencer,E"]
[Black "Muir,A"]
[Result "0-1"]
[WhiteElo "2214"]
[BlackElo "2347"]
[EventDate "2006.07.08"]

1. e4 c5 2. Nc3 Nc6 3. g3 g6 4. Bg2 Bg7 5. d3 d6 6. Be3 Rb8 7. Qd2 b5 8. a3
a5 9. Nge2 Nd4 10. O-O e6 11. Nc1 Ne7 12. Nd1 O-O 13. c3 Ndc6 14. Bh6 d5
15. Bxg7 Kxg7 16. Ne3 dxe4 17. Bxe4 Bb7 18. f4 a4 19. Qf2 f5 20. Bf3 Na5
21. Bxb7 Rxb7 22. Ng2 Qd6 23. Ne1 Nec6 24. Nf3 Re8 25. d4 cxd4 26. cxd4 Rd8
27. Ne2 Nc4 28. Rab1 b4 29. Ne5 Nd2 30. Nxc6 Qxc6 31. Rbc1 Qe4 32. Rfd1
bxa3 33. bxa3 Rb2 34. Rc7+ Kh6 35. h3 Nf3+ 36. Kf1 Nxd4 37. Rxd4 Rxd4 38.
g4 Rd1+ 0-1

[Event "ch-SCO"]
[Site "Troon SCO"]
[Date "2006.07.12"]
[Round "5"]
[White "Brown,Ste"]
[Black "Grant,A"]
[Result "0-1"]
[WhiteElo "2087"]
[BlackElo "2193"]
[EventDate "2006.07.08"]

1. d4 Nf6 2. Nf3 g6 3. g3 Bg7 4. Bg2 O-O 5. O-O d6 6. c4 Nbd7 7. Nc3 e5 8.
e4 a6 9. h3 b5 10. dxe5 dxe5 11. Qe2 b4 12. Nd5 a5 13. Bg5 c6 14. Nxf6+
Bxf6 15. Bxf6 Qxf6 16. a3 Ba6 17. axb4 axb4 18. b3 Nc5 19. Qe3 Qe7 20. Rfd1
Bb7 21. Ne1 Ne6 22. Nd3 Nd4 23. Rxa8 Rxa8 24. Nxe5 c5 25. Nf3 Nc2 26. Qh6
f6 27. Qd2 Bxe4 28. Ne1 Nd4 29. Qe3 Re8 30. Bxe4 Qxe4 31. Qxe4 Rxe4 32. Rb1
Nxb3 33. Nd3 Nd2 34. Rd1 Nf3+ 35. Kg2 Ne5 36. Nxc5 Rxc4 37. Nd7 Kf7 38.
Nxe5+ fxe5 39. Rd7+ Ke6 40. Rxh7 Kd5 41. h4 Kd4 42. h5 gxh5 43. Rxh5 b3 44.
Rh1 b2 45. Kf3 Rc1 0-1

[Event "ch-SCO"]
[Site "Troon SCO"]
[Date "2006.07.13"]
[Round "6"]
[White "Grant,A"]
[Black "Jacob,G"]
[Result "1/2-1/2"]
[WhiteElo "2193"]
[BlackElo "2316"]
[EventDate "2006.07.08"]

1. e4 c5 2. Nf3 d6 3. d4 cxd4 4. Nxd4 Nf6 5. Nc3 a6 6. Be2 e5 7. Nb3 Be7 8.
O-O O-O 9. Re1 Be6 10. Bf1 Nbd7 11. Nd5 Nxd5 12. exd5 Bf5 13. a4 Rc8 14. c3
a5 15. Be3 b6 16. Bb5 Nc5 17. Nc1 Bg5 18. Bc6 e4 19. b4 Nd3 20. Nxd3 exd3
21. Bxg5 Qxg5 22. Re3 Rc7 23. bxa5 bxa5 24. Rb1 Re7 25. Rxe7 Qxe7 26. Qd2
Qe4 27. h3 h5 28. Rd1 Rc8 29. c4 Qe2 30. Bb5 Rc5 31. f3 Kh7 32. Qxe2 dxe2
33. Rc1 Bc2 34. Kf2 Bd1 35. Rc3 Kg6 36. Re3 Kf6 37. h4 Rc7 38. f4 Re7 39.
Rxe7 Kxe7 40. g3 f6 41. Ke1 Kd8 42. Bc6 Kc7 43. Be8 Bb3 44. Bb5 Bd1 45. Be8
Kb6 46. Bxh5 Kc5 47. Bxe2 Bxa4 48. g4 Kd4 49. g5 Bc2 50. Kd2 Be4 51. h5
fxg5 52. fxg5 a4 53. Bd1 Kxc4 54. Bxa4 Kxd5 55. h6 gxh6 56. gxh6 Ke6
1/2-1/2

[Event "ch-SCO"]
[Site "Troon SCO"]
[Date "2006.07.13"]
[Round "6"]
[White "Grant,J"]
[Black "Spencer,E"]
[Result "1-0"]
[WhiteElo "2251"]
[BlackElo "2214"]
[EventDate "2006.07.08"]

1. c4 e5 2. Nc3 Nc6 3. g3 d6 4. Bg2 g6 5. e4 Bg7 6. Nge2 Nge7 7. O-O h5 8.
h4 Nd4 9. d3 Bg4 10. f3 Be6 11. Nxd4 exd4 12. Ne2 Nc6 13. Rb1 a5 14. b3 Qc8
15. Nf4 Bd7 16. Nd5 f6 17. a3 Rb8 18. b4 axb4 19. axb4 b5 20. cxb5 Rxb5 21.
Bb2 g5 22. f4 gxh4 23. gxh4 f5 24. exf5 Rxd5 25. Bxd5 Nxb4 26. Qe1+ Kf8 27.
Qxb4 c5 28. Qb6 Rh6 29. Ra1 Be8 30. Rfe1 Be5 31. Rxe5 Rg6+ 32. fxg6 Qg4+
33. Bg2 dxe5 34. Qf6+ Kg8 35. Ra8 1-0

[Event "ch-SCO"]
[Site "Troon SCO"]
[Date "2006.07.14"]
[Round "7"]
[White "Stevenson,J"]
[Black "Grant,A"]
[Result "1/2-1/2"]
[WhiteElo "2089"]
[BlackElo "2193"]
[EventDate "2006.07.08"]

1. e4 c5 2. Nf3 e6 3. c3 Nf6 4. e5 Nd5 5. d4 cxd4 6. cxd4 d6 7. Nc3 Nc6 8.
exd6 Bxd6 9. Bc4 Nxc3 10. bxc3 O-O 11. O-O e5 12. h3 Bf5 13. dxe5 Nxe5 14.
Nxe5 Bxe5 15. Qf3 Qf6 16. Ba3 Rfc8 17. Qxb7 Rab8 18. Qa6 Rb6 19. Qa4 Bxh3
20. gxh3 Qf3 21. Rfe1 Rg6+ 22. Kf1 Qxh3+ 23. Ke2 Qg4+ 24. Kf1 Qh3+ 25. Ke2
Qg4+ 1/2-1/2

[Event "ch-SCO"]
[Site "Troon SCO"]
[Date "2006.07.14"]
[Round "7"]
[White "Spencer,E"]
[Black "Marks,I"]
[Result "1/2-1/2"]
[WhiteElo "2214"]
[BlackElo "1944"]
[EventDate "2006.07.08"]

1. e4 d5 2. exd5 Qxd5 3. Nc3 Qa5 4. Bc4 Nf6 5. Qe2 Bg4 6. f3 Bf5 7. g4 Bd7
8. d4 e6 9. g5 Bb4 10. Bd2 Bxc3 11. bxc3 Nd5 12. f4 Bc6 13. Nf3 Nxf4 14.
Qf2 Nh3 15. Qe3 Nxg5 16. Nxg5 Bxh1 17. Nxf7 O-O 18. Qxe6 Qh5 19. Ne5+ Kh8
20. Be3 Nc6 21. Nf7+ Kg8 22. Nh6+ 1/2-1/2

[Event "ch-SCO"]
[Site "Troon SCO"]
[Date "2006.07.14"]
[Round "7"]
[White "Muir,A"]
[Black "Grant,J"]
[Result "1-0"]
[WhiteElo "2347"]
[BlackElo "2251"]
[EventDate "2006.07.08"]

1. e4 c6 2. d4 d5 3. exd5 cxd5 4. c4 Nf6 5. Nc3 e6 6. Nf3 Bb4 7. Bd3 dxc4
8. Bxc4 O-O 9. O-O b6 10. Bg5 Bb7 11. Ne5 Bxc3 12. bxc3 Nbd7 13. Qe2 Qc7
14. Nxd7 Nxd7 15. Rac1 Qc6 16. f3 Rac8 17. Bd3 Nf6 18. Bxf6 gxf6 19. Be4
Qc7 20. Qe3 Kg7 21. Bxb7 Qxb7 22. f4 Qd5 23. f5 Rg8 24. fxe6 fxe6 25. Rce1
Kf7 26. Rf2 Rg5 27. Ref1 Rg6 28. Qh3 Kg7 29. Re1 Re8 30. Qd3 b5 31. Rb1 Rb8
32. a4 a6 33. g3 Rc8 34. axb5 axb5 35. Rxb5 Rxc3 36. Rxd5 Rxd3 37. Rd7+ Kh8
38. Ra2 Rg8 39. Raa7 Rb8 40. Kg2 Rd2+ 41. Kh3 h5 42. Rf7 f5 43. Rh7+ Kg8
44. Rag7+ Kf8 45. Kh4 Rxd4+ 46. Kxh5 e5 47. Rf7+ Kg8 48. Rhg7+ Kh8 49. Rg6
Rb2 50. h4 Rg4 51. Rxf5 Rxg6 52. Kxg6 Rb7 53. Kf6 e4 54. g4 Rb3 55. Re5
Rb6+ 56. Kf5 Rh6 57. h5 Ra6 58. Rxe4 Kg7 59. Re7+ Kg8 60. g5 Ra8 61. Kf6
Ra6+ 62. Re6 Ra8 63. g6 Rf8+ 1-0

[Event "ch-SCO"]
[Site "Troon SCO"]
[Date "2006.07.15"]
[Round "8"]
[White "Marks,I"]
[Black "Muir,A"]
[Result "0-1"]
[WhiteElo "1944"]
[BlackElo "2347"]
[EventDate "2006.07.08"]

1. e4 c5 2. Nc3 d6 3. f4 Nc6 4. Nf3 Nf6 5. Bb5 Bd7 6. d3 e6 7. O-O Be7 8.
Kh1 O-O 9. Be3 a6 10. Bc4 b5 11. Bb3 Na5 12. e5 Ng4 13. Bd2 d5 14. a3 Nxb3
15. cxb3 d4 16. Ne4 Bc6 17. Nfg5 Ne3 18. Bxe3 dxe3 19. Qg4 Bxg5 20. Nxg5
Qxd3 21. Nxe6 Bxg2+ 22. Kxg2 fxe6 23. Qxe6+ Kh8 24. Rae1 Qd2+ 25. Kh3 e2
26. Rg1 Rxf4 27. Qd6 Rf3+ 28. Kg2 Qe3 29. Kh1 Qe4 0-1

[Event "ch-SCO"]
[Site "Troon SCO"]
[Date "2006.07.15"]
[Round "8"]
[White "Brown,Ste"]
[Black "Jacob,G"]
[Result "0-1"]
[WhiteElo "2087"]
[BlackElo "2316"]
[EventDate "2006.07.08"]

1. d4 f5 2. Nf3 Nf6 3. g3 e6 4. Bg2 Be7 5. c4 O-O 6. O-O d6 7. b3 Ne4 8.
Bb2 Bf6 9. Nfd2 Nxd2 10. Nxd2 Nc6 11. e3 e5 12. Bd5+ Kh8 13. Bxc6 bxc6 14.
dxe5 dxe5 15. f4 exf4 16. Bxf6 Qxf6 17. gxf4 Rd8 18. Qe2 Qg6+ 19. Kf2 c5
20. Nf3 Qh5 21. Ke1 Bb7 22. Ne5 Qh4+ 23. Qf2 Qf6 24. Qg3 Rd6 25. Rf2 Rad8
26. h4 Kg8 27. Rc1 Be4 28. Rh2 a5 29. a4 Qe7 30. Qg5 Qe8 31. Qg3 Qh5 32.
Re2 Rb8 33. Rb2 h6 34. Kf2 Rbd8 35. Re2 Rd2 36. Rce1 R8d6 37. Qh2 g5 38.
Qg3 g4 39. Rxd2 Rxd2+ 40. Re2 Rd1 41. Re1 Rd6 42. Re2 Qe8 43. Qg1 Qd8 44.
Qh2 h5 45. Kg3 Qb8 46. Rb2 Qb4 47. Qe2 Qc3 48. Qf2 Qc1 49. Re2 Rd1 50. Ng6
Rg1+ 0-1

[Event "ch-SCO"]
[Site "Troon SCO"]
[Date "2006.07.15"]
[Round "8"]
[White "Grant,A"]
[Black "Spencer,E"]
[Result "0-1"]
[WhiteElo "2193"]
[BlackElo "2214"]
[EventDate "2006.07.08"]

1. e4 c5 2. Nf3 d6 3. Nc3 a6 4. d4 cxd4 5. Nxd4 Nf6 6. Be2 e5 7. Nb3 Be7 8.
O-O O-O 9. Re1 Be6 10. Bf1 Nbd7 11. Nd5 Nxd5 12. exd5 Bf5 13. a4 Rc8 14. c3
Bg6 15. a5 f5 16. f4 Bf7 17. Ra4 Bf6 18. Rb4 Rc7 19. c4 Kh8 20. fxe5 Bxe5
21. Qf3 Qf6 22. Qf2 g5 23. Be3 f4 24. Bd4 Bg8 25. Bxe5 Nxe5 26. h3 Rg7 27.
Be2 g4 28. hxg4 Nxg4 29. Bxg4 Rxg4 30. Re4 Qh6 31. Rxb7 Rh4 32. Qf3 Bf7 33.
Ree7 Rh1+ 34. Kf2 Qh4+ 35. g3 Qh2+ 36. Qg2 fxg3+ 37. Kf3 Bg6+ 0-1

[Event "ch-SCO"]
[Site "Troon SCO"]
[Date "2006.07.16"]
[Round "9"]
[White "Muir,A"]
[Black "Grant,A"]
[Result "0-1"]
[WhiteElo "2347"]
[BlackElo "2193"]
[EventDate "2006.07.08"]

1. d4 Nf6 2. c4 e6 3. Nc3 Bb4 4. e3 b6 5. Bd3 Bb7 6. Nf3 O-O 7. O-O c5 8.
Na4 cxd4 9. a3 Bd6 10. exd4 Bxf3 11. Qxf3 Nc6 12. Be3 e5 13. d5 e4 14. Qf5
Ne7 15. Qh3 exd3 16. Nc3 Ng6 17. b4 Be5 18. Rac1 Rc8 19. Nb5 a6 20. Nc3
Rxc4 21. Bd2 Rh4 22. Qxd3 Bxh2+ 23. Kh1 Qb8 24. g3 Bxg3+ 25. Kg2 Bf4 26.
Rh1 Bxd2 27. Qxd2 Qf4 28. Qxf4 Nxf4+ 29. Kf3 Rxh1 30. Rxh1 N4xd5 31. Nxd5
Nxd5 32. Rd1 Nf6 33. Rd6 Rb8 34. a4 Kf8 35. a5 Ke7 36. Rxb6 Rxb6 37. axb6
Kd6 38. b5 axb5 39. b7 Kc7 40. b8=Q+ Kxb8 0-1